Educating people to be emotionally intelligent

Guardado en:
Detalles Bibliográficos
Otros Autores: Bar-On, Reuven, Maree, J.G, Elias, Maurice Jesse
Formato: Libro
Lenguaje:inglés
Publicado: Westport PRAEGER 2007
Materias:
Etiquetas: Agregar Etiqueta
Sin Etiquetas, Sea el primero en etiquetar este registro!

MARC

LEADER 00000nam$a2200000$$$4500
001 0076591
005 20240315115219.3
020 |a 978-0-275-99363-4 
020 |a 0-275-99363-9 
041 0 |a eng 
044 |a US 
245 1 0 |a Educating people to be emotionally intelligent  |c edited by: Reuven Bar-On, J.G. Maree and Maurice Jesse Elias 
264 1 |a Westport  |b PRAEGER  |c 2007 
300 |a 323 s. 
610 2 0 |a inteligencia emocionálna 
610 2 0 |a vzdelávanie 
610 2 0 |a deti 
610 2 0 |a rodina 
610 2 0 |a potreby sociálne 
610 2 0 |a psychológia 
700 1 |a Bar-On, Reuven 
700 1 |a Maree, J.G. 
700 1 |a Elias, Maurice Jesse